| 000 | 00586nam a2200157 4500 | ||
|---|---|---|---|
| 008 | 0 1993 0a 000 0USA | ||
| 020 | _a0-07-060360-X | ||
| 050 | _aTK105.5 S762 | ||
| 082 | _a001.61 S857d | ||
| 100 | _aSpohn, Darren L. | ||
| 245 | _aData Network Design / Darren L. Spohn | ||
| 260 | _aUnited States of America : McGraw-Hill | ||
| 300 | _axxx, 778 p. / 22 cm. | ||
| 500 | _aIncluye ap‚ndice, bibliografía, índice. | ||
| 650 | _a1.REDES DE COMPUTOS \ 2.COMPUTACIÓN , REDES DE COMPUTO-PROTOCOLOS \ 3.REDES DE COMPUTO-NORMAS \ 4.ARQUITECTURA EN REDES COMPUTO | ||
| 999 |
_c11849 _d11849 |
||